Geography Quiz

Random Geography or City Quiz

World Countries, Cities, States by Distance Signs Quiz Stats

 Plays Quiz not verified by Sporcle

Score 0/21 Timer 12:00
0 Plays Today
Sign # Location % Correct
9Hawaii
57.5%
17Washington
56.3%
4New Zealand (Cape Foulwind)
55.2%
3South Africa
44.8%
19Georgia (Savannah)
43.7%
20Anchorage, AK
43.7%
11Los Angeles, CA
37.9%
8Greenland (Denmark)
36.8%
12Norway (Nordkapp)
36.8%
16Bahamas
34.5%
15San Diego, CA
32.2%
Sign # Location % Correct
21Portland, OR
29.9%
7Uruguay
28.7%
2Curaçao (Netherlands)
26.4%
5New Jersey
26.4%
1Belize
25.3%
10Cape Town, South Africa
21.8%
6Cook Islands (New Zealand)
19.5%
14Riga, Latvia
16.1%
13Barrow, AK
11.5%
18Odessa, Ukraine
9.2%

You're not logged in!

Compare scores with friends on all Sporcle quizzes.
OR
Log In

You Might Also Like...

Show Comments

Extras

Top Quizzes Today


Score Distribution

Your Account Isn't Verified!

In order to create a playlist on Sporcle, you need to verify the email address you used during registration. Go to your Sporcle Settings to finish the process.

Report this User

Report this user for behavior that violates our Community Guidelines.

Details: